[Event "EWCCC Online Final 2020"]
[Site "Online"]
[Date "2020.12.21"]
[Round "1.5"]
[White "Javakhishvili, Lela"]
[Black "Khademalsharieh, Sarasadat"]
[Result "1-0"]
[WhiteElo "2473"]
[BlackElo "2494"]
[Annotator "TA"]
[PlyCount "71"]
[EventDate "2020.12.19"]
[EventType "team-tourn"]
[EventCountry "NET"]
[SourceTitle "playchess.com"]
[Source "ChessBase"]
[SourceQuality "1"]

{[%evp 9,71,21,16,11,23,11,8,0,23,15,11,0,22,15,16,21,10,12,19,11,29,5,9,12,29,29,51,61,93,-5,44,40,62,37,176,188,556,556,675,683,668,640,606,437,415,303,305,301,304,279,426,426,426,426,426,419,410,410,410,398,1079,627,627,625]} 1. d4 d5 2. c4 e6 3. Nc3 a6 4. cxd5 exd5 5. Nf3 Nf6 6. Bf4 {D37: Queen's Gambit Declined: 5 Bf4.} Bd6 7. Bg3 O-O 8. e3 {The position is equal.} b6 9. Bd3 Bb7 10. Qc2 h6 11. O-O Bxg3 12. hxg3 {[#]} Nbd7 $146 ({Predecessor:} 12... Re8 13. Ne5 c5 14. Rfe1 Nc6 15. Nxc6 Bxc6 16. dxc5 bxc5 {1-0 (52) Ramacker,Q (1727)-Boucquet,E Houffalize 2011}) 13. Rac1 c5 14. dxc5 bxc5 15. Rfd1 Qe7 16. Bf5 {With the idea Bxd7.} Nb6 17. Ne2 g6 18. Bh3 Ne4 19. Nf4 (19. Nd2 $16) 19... Rad8 20. Nd2 d4 21. exd4 Nxd2 {This costs Black the game.} ({Black should play} 21... Rxd4 $14 22. Nxe4 Bxe4) 22. Rxd2 $18 {Black must now prevent Nxg6!} cxd4 $2 {[#]} (22... Be4 {is tougher.} 23. Qxc5 Qxc5 24. Rxc5 Rd6) 23. Nxg6 $1 {[%mdl 512]} fxg6 24. Qxg6+ {[%mdl 64] Double Attack} Qg7 25. Qxb6 Ba8 26. Rc7 Qf6 27. Qb3+ Bd5 28. Qd3 {[%csl Gc7][%cal Rd3h7] [#]} Bf7 29. b3 Bg6 (29... Rfe8 {was necessary.} 30. Bf5 Re1+ 31. Kh2 Rd5) 30. Qc4+ Bf7 31. Rxf7 Rxf7 32. Be6 Rd6 33. Bxf7+ Qxf7 34. Rxd4 Re6 $2 (34... Qxc4 35. Rxc4 Rd1+ 36. Kh2 Rd2) 35. Rg4+ Kh8 36. Re4 {Weighted Error Value: White=0.36/Black=0.35} 1-0

[Event "EWCCC Online Final 2020"]
[Site "Online"]
[Date "2020.12.21"]
[Round "1.5"]
[White "Mkrtchian, Lilit"]
[Black "Kosteniuk, Alexandra"]
[Result "0-1"]
[WhiteElo "2388"]
[BlackElo "2471"]
[Annotator "TA"]
[PlyCount "118"]
[EventDate "2020.12.19"]
[EventType "team-tourn"]
[EventCountry "NET"]
[SourceTitle "playchess.com"]
[Source "ChessBase"]
[SourceQuality "1"]

{[%evp 9,118,17,28,0,0,0,4,1,0,2,8,9,0,6,14,10,33,0,30,-10,-17,-3,-2,-37,-48,-27,-27,-35,-30,-28,-33,-33,-36,-70,-68,-66,-68,-68,-68,-70,-61,-54,-84,-74,-47,-70,-54,-56,0,0,0,-77,-54,-43,-54,-62,-71,-60,-20,-25,-24,-25,-19,-19,-19,-19,-19,-19,-19,-31,-21,-38,-33,-112,-118,-155,-168,-289,-281,-518,-522,-481,-170,-170,-170,-178,-120,-163,-152,-304,-286,-245,-128,-128,-128,-945,-866,-991,-885,-706,-714,-600,-16,-29966,-29966,-29972,-29969,-29968,-29967,-29969,-5117]} 1. Nf3 Nf6 2. g3 b5 3. Bg2 Bb7 4. O-O e6 5. d3 Be7 6. c4 {A05: Réti Opening: 1 Nf3 Nf6.} bxc4 7. dxc4 O-O 8. b3 {[#] The position is equal.} a5 $146 ({Predecessor:} 8... c5 9. Bb2 Qc8 10. Nc3 Rd8 11. Rc1 d6 12. Qc2 Nc6 13. Rfd1 e5 14. e3 h6 15. Qb1 Bf8 16. Ne1 Rb8 {½-½ (42) Riska,L-Petrik,K (2260) Stary Smokovec 1996}) 9. Nc3 Na6 10. Bb2 Nc5 11. Qc2 h6 12. Rad1 Qb8 13. Ba1 Bc6 14. Nd4 (14. e4 $5) 14... Bxg2 15. Kxg2 Qb7+ 16. Kg1 {[#]} a4 $1 {[%mdl 512]} 17. Rb1 (17. bxa4 Qb4) 17... axb3 18. axb3 Na6 19. Rfd1 Nb4 20. Qd2 Rfd8 21. Qe3 c5 22. Ndb5 d5 23. Qf3 Rd7 24. Bb2 d4 25. Qxb7 Rxb7 26. Na4 e5 27. Ba3 Na6 28. e3 Rab8 ({Black should play} 28... Bf8 $15) 29. exd4 $11 exd4 30. Nb2 (30. Re1 $11) 30... Nc7 31. Nxc7 $1 Rxc7 32. Nd3 Ne4 {White must now prevent ...Nc3.} 33. Bc1 Bd6 {Threatens to win with ...Nc3.} 34. Re1 $1 {[%cal Re1e4]} Nc3 35. Rb2 $1 Rcb7 $36 {[%mdl 2048] White is under pressure.} 36. Bf4 Bxf4 37. gxf4 Rxb3 38. Rxb3 Rxb3 39. Nxc5 {[%mdl 4096] Endgame KRN-KRN} Rb4 40. Re8+ Kh7 41. Nd7 (41. Kg2 $15) 41... Kg6 $17 ({But not} 41... Rxc4 $6 42. Nf8+ Kg8 43. Nd7+ Kh7 44. Nf8+ Kh8 45. Nd7+ Kh7 $11) 42. c5 f6 {Strongly threatening ...d3.} 43. Rd8 (43. Nb6 $142) 43... Ne2+ $19 44. Kg2 $2 (44. Kf1 {is the only way for White.} Nxf4 45. Ke1) 44... Nxf4+ 45. Kf3 Ne6 $2 (45... Kf5 {[%cal Rb4b3]} 46. Rb8 Rc4) 46. Nf8+ Nxf8 47. Rxf8 {KR-KR} Kf5 ({Better is} 47... Rc4 $19 48. Rc8 Kf5) 48. c6 {aiming for c7.} Rc4 49. Rc8 $2 (49. Rf7 $17) 49... Rc3+ 50. Ke2 g5 ({Black should try} 50... Kg4 $1 $19 51. f3+ Kf4) 51. c7 $17 h5 52. Kd2 $2 {[%mdl 8192] [#]} (52. h3 $17) 52... Kg4 $1 $19 53. Rf8 Rxc7 54. Rxf6 Rd7 55. Kd3 Rd5 $2 (55... h4 $19 {And now ...Kh3 would win.} 56. f3+ Kh3) 56. Ke4 $2 {[%mdl 8192]} (56. f4 $11) 56... d3 {Black mates.} 57. h3+ {[#]} Kh4 $1 58. Kxd5 d2 59. Ke4 d1=Q {Weighted Error Value: White=0.42/Black=0.31} 0-1

[Event "EWCCC Online Final 2020"]
[Site "Online"]
[Date "2020.12.21"]
[Round "1.5"]
[White "Benmesbah, Natacha"]
[Black "Ambartsumova, Karina"]
[Result "1/2-1/2"]
[WhiteElo "2223"]
[BlackElo "2382"]
[Annotator "TA"]
[PlyCount "98"]
[EventDate "2020.12.19"]
[EventType "team-tourn"]
[EventCountry "NET"]
[SourceTitle "playchess.com"]
[Source "ChessBase"]
[SourceQuality "1"]

{[%evp 13,98,0,0,12,11,0,10,0,2,8,14,-30,-16,-26,0,-51,-59,-51,-40,-104,-102,-162,-151,-169,-149,-163,-68,-70,-31,-52,-28,-79,-43,-69,-31,-39,0,0,0,0,0,0,0,0,0,0,0,0,0,0,0,-14,-10,-19,-19,-19,-19,-19,-19,-19,-19,-19,-19,-125,-19,-125,-51,-51,-19,-26,-26,-125,-125,-125,-125,-126,-66,-62,-70,-70,0,0,0,0,0,0,0]} 1. e4 c5 2. Nf3 e6 3. d3 Nc6 4. g3 g6 5. Bg2 Bg7 6. O-O Nge7 7. c3 O-O 8. Na3 {A04: Unusual lines after 1 Nf3 and King's Indian Attack.} e5 9. Be3 d6 10. d4 exd4 11. cxd4 d5 {[#]} 12. dxc5 $146 ({Predecessor:} 12. exd5 Nxd5 13. Bg5 f6 14. Bc1 cxd4 15. Nxd4 f5 16. Nab5 Nxd4 17. Nxd4 Kh8 18. Nb3 {½-½ (41) Vorobiov,E (2590)-Stella,A (2434) Cappelle-la-Grande 2014}) 12... dxe4 13. Ng5 Nd5 14. Nc4 (14. Bc1 $11) 14... Nxe3 $15 15. Qxd8 Nxd8 (15... Rxd8 {looks sharper.} 16. fxe3 f5 17. g4 h6 18. Nh3 fxg4 19. Nf2 Be6) 16. Nxe3 (16. fxe3 $15 f5 17. Rad1) 16... f5 $17 17. Nc4 (17. Nd5 $17 {was worth a try.}) 17... h6 $19 18. Nh3 Be6 19. Rac1 Bxc4 (19... g5 $1 $19 20. Rfd1 Nc6) 20. Rxc4 $15 Bxb2 21. Nf4 Kh7 22. Rd1 (22. f3 $11 {keeps the balance.}) 22... Rf7 23. f3 exf3 24. Bxf3 Nc6 25. Bxc6 bxc6 26. Rd6 {[%mdl 64] Double Attack} g5 27. Nd3 Bg7 28. Rxc6 Rd8 29. Rd6 Rxd6 30. cxd6 $11 {[%mdl 4096] Endgame Threatens to win with Rc7. KRB-KRN} Rd7 31. Rc6 {Strongly threatening Kg2.} Kg6 32. Kf1 {Black must now prevent Nc5.} Bd4 33. Ke2 Kf6 34. Nc5 Bxc5 35. Rxc5 Rxd6 {Threatening ...Ra6. KR-KR} 36. Ra5 $1 a6 37. Ke3 Kg6 38. Ke2 {[#]} (38. Kf3 $11) 38... Rb6 (38... g4 $1 $17 39. Kf1 Kg5) 39. Ke3 {[#]} (39. Kf3 $11 {remains equal.}) 39... Rf6 ({Better is} 39... g4 $1 $17 40. Kf4 Rb4+ 41. Ke3 Rb2 42. Rxa6+ Kg5) 40. Kf3 Re6 41. Kf2 g4 42. Kf1 (42. Kg2 $11) 42... Kg5 $17 43. Kf2 h5 44. Kf1 Rf6 (44... Rd6 $17 45. Kf2 h4 46. gxh4+ Kxh4 47. Rxf5 Rd2+ {[%mdl 64] Double Attack} 48. Kg1 Rxa2) 45. Kg2 $1 $15 h4 {aiming for ...h3+.} 46. h3 $1 Rb6 (46... hxg3 $15 47. Kxg3 gxh3 48. Kxh3 Kf4) 47. hxg4 $11 {The position is equal.} Kxg4 48. Ra4+ Kg5 49. gxh4+ Kh5 {Weighted Error Value: White=0.25/Black=0.18} 1/2-1/2

[Event "EWCCC Online Final 2020"]
[Site "Online"]
[Date "2020.12.21"]
[Round "2.1"]
[White "Kashlinskaya, Alina"]
[Black "Sliwicka, Alicja"]
[Result "1-0"]
[WhiteElo "2494"]
[BlackElo "2333"]
[Annotator "ChessBase"]
[PlyCount "99"]
[EventDate "2020.12.19"]
[EventType "team-tourn"]
[EventCountry "NET"]
[SourceTitle "playchess.com"]
[Source "ChessBase"]
[SourceQuality "1"]
[TimeControl "900+5"]

1. d4 {[%emt 0:00:00]} Nf6 {[%emt 0:00:05]} 2. Bg5 {[%emt 0:00:02]} d5 {[%emt 0:00:04]} 3. e3 {[%emt 0:00:12]} c5 {[%emt 0:00:07]} 4. Bxf6 {[%emt 0:00:14]} exf6 {[%emt 0:00:03]} 5. dxc5 {[%emt 0:00:18]} Bxc5 {[%emt 0:00:03]} 6. c3 {[%emt 0:00:31]} O-O {[%emt 0:00:08]} 7. Nf3 {[%emt 0:01:28]} f5 {[%emt 0:02:04]} 8. Be2 {[%emt 0:00:07]} Nc6 {[%emt 0:01:28]} 9. O-O {[%emt 0:00:05]} Be6 {[%emt 0:00:04]} 10. Nbd2 {[%emt 0:00:08]} Qf6 {[%emt 0:00:13]} 11. Nb3 {[%emt 0:02:11]} Bb6 {[%emt 0:00:05]} 12. a4 {[%emt 0:00:37]} a6 {[%emt 0:00:23]} 13. a5 {[%emt 0:00:03]} Ba7 {[%emt 0:00:01]} 14. Nbd4 {[%emt 0:01:02]} Nxd4 {[%emt 0:00:09]} 15. exd4 {[%emt 0:00:42]} Bb8 {[%emt 0:00:17]} 16. Re1 {[%emt 0:00:08]} g5 {[%emt 0:00:20]} 17. Bd3 {[%emt 0:00:05]} Qh6 {[%emt 0:00:44]} 18. Ne5 {[%emt 0:02:31]} Bd6 {[%emt 0:01:03]} 19. f4 {[%emt 0:00:19]} g4 {[%emt 0:02:40]} 20. g3 {[%emt 0:00:10]} Rfe8 {[%emt 0:00:27]} 21. Bf1 {[%emt 0:00:13]} f6 {[%emt 0:00:54]} 22. Nxg4 {[%emt 0:01:43]} Qg7 {[%emt 0:02:00]} 23. Ne3 {[%emt 0:00:04]} Bxf4 {[%emt 0:00:08]} 24. Bg2 {[%emt 0:00:03]} Bd6 {[%emt 0:00:45]} 25. Qf3 {[%emt 0:00:03]} f4 {[%emt 0:00:33]} 26. Nxd5 {[%emt 0:01:20]} Kh8 {[%emt 0:00:26]} 27. Nxf4 {[%emt 0:00:07]} Bg4 {[%emt 0:00:02]} 28. Qf2 {[%emt 0:01:01]} h5 {[%emt 0:00:18]} 29. Rxe8+ {[%emt 0:00:10]} Rxe8 {[%emt 0:00:02]} 30. Re1 {[%emt 0:00:03]} Rg8 {[%emt 0:00:16]} 31. Bd5 {[%emt 0:00:30]} Rf8 {[%emt 0:00:29]} 32. Ne6 {[%emt 0:00:25]} Bxe6 {[%emt 0:00:04]} 33. Rxe6 {[%emt 0:00:01]} Bb8 {[%emt 0:00:18]} 34. Qe2 {[%emt 0:00:11]} Qg5 {[%emt 0:00:08]} 35. Re8 {[%emt 0:00:12]} Qh6 {[%emt 0:00:36]} 36. Rxf8+ {[%emt 0:00:04]} Qxf8 {[%emt 0:00:02]} 37. Qxh5+ {[%emt 0:00:01]} Kg7 {[%emt 0:00:01]} 38. Qg4+ {[%emt 0:00:06]} Kh6 {[%emt 0:00:04]} 39. Bxb7 {[%emt 0:00:09]} f5 {[%emt 0:00:07]} 40. Qh4+ {[%emt 0:00:13]} Kg6 {[%emt 0:00:01]} 41. Bf3 {[%emt 0:00:24]} f4 {[%emt 0:00:08]} 42. Be4+ {[%emt 0:00:03]} Kf7 {[%emt 0:00:07]} 43. Qh7+ {[%emt 0:00:05]} Ke6 {[%emt 0:00:05]} 44. Qg6+ {[%emt 0:00:04]} Ke7 {[%emt 0:00:08]} 45. Bf5 {[%emt 0:00:13]} Qf6 {[%emt 0:00:21]} 46. Qxf6+ {[%emt 0:00:02]} Kxf6 {[%emt 0:00:02]} 47. g4 {[%emt 0:00:01]} Kg5 {[%emt 0:00:05]} 48. Kf2 {[%emt 0:00:03]} Kh4 {[%emt 0:00:10]} 49. Kf3 {[%emt 0:00:04]} Bd6 {[%emt 0:00:05]} 50. Bd3 {[%emt 0:00:08]} 1-0

[Event "EWCCC Online Final 2020"]
[Site "Online"]
[Date "2020.12.21"]
[Round "2.1"]
[White "Zawadzka, Jolanta"]
[Black "Khademalsharieh, Sarasadat"]
[Result "1-0"]
[WhiteElo "2399"]
[BlackElo "2494"]
[Annotator "TA"]
[PlyCount "157"]
[EventDate "2020.12.19"]
[EventType "team-tourn"]
[EventCountry "NET"]
[SourceTitle "playchess.com"]
[Source "ChessBase"]
[SourceQuality "1"]

{[%evp 12,157,7,8,71,20,31,43,45,-6,0,-6,-3,-8,-5,-7,-2,-11,21,10,19,20,26,-3,-6,-3,-6,-34,-19,-11,-6,-10,-4,-15,-15,-28,-6,-13,0,0,71,71,70,67,165,165,165,165,165,165,165,165,165,151,223,223,223,198,227,227,237,198,243,243,438,438,533,426,12846,12332,5454,4947,7870,6107,29953,29956,29952,29950,29955,29953,29961,29967,29966,29968,29969,29970,29971,29971,29959,29968,29982,5093,29972,29973,29973,29974,29973,29976,29976,29972,29972,29970,29976,29977,29977,29975,29974,29973,29973,29973,29975,29976,29976,29977,29979,29980,29980,29980,29983,29984,29984,29985,29985,29986,29986,29987,29987,29984,29984,29984,29984,29984,29989,29990,29990,29990,29990,29991,29991,29987,29986,29983,29983,29984,29984,29984,29986,29985]} 1. e4 e5 2. Nf3 Nc6 3. d4 exd4 4. Nxd4 Nf6 5. Nxc6 bxc6 6. Bd3 d5 7. Qe2 Qe7 {C45: Scotch Game.} ({Much weaker is} 7... Nxe4 $6 8. f3 $16) (7... Be7 $11) 8. Nd2 ({White should play} 8. Nc3 $16) 8... g6 $11 9. O-O Bg7 {White is slightly better.} 10. Re1 ({White should try} 10. e5 $14 Nd7 11. f4) 10... O-O 11. exd5 Qxe2 12. Rxe2 cxd5 13. Nb3 {[#]} Nd7 $146 ({Predecessor:} 13... Be6 14. Bf4 Ne8 15. c3 c6 16. Nc5 Bc8 17. Rae1 Nf6 18. Bd6 Rd8 19. Be7 Re8 20. Bxf6 Rxe2 21. Rxe2 Bxf6 {1-0 (27) Rincon R,J (1658)-Arias,C (1600) Santander 2013}) 14. Bb5 Ne5 15. Bf4 Bd7 16. Bxd7 Nxd7 17. Bxc7 Bxb2 18. Rd1 Rfe8 19. Rde1 (19. Rxe8+ {feels hotter.} Rxe8 20. Kf1 Rc8 21. Bd6 Nb6 22. Bc5) 19... Rxe2 20. Rxe2 Rc8 21. Bf4 Kg7 22. h4 Rc4 23. g3 Bf6 24. Bd6 Ra4 25. a3 h5 {[#]} (25... Rc4 $11 {keeps the balance.}) 26. Bb4 $1 $16 Ra6 27. Rd2 Bb2 {[#] White now steadily converts the win.} ({Better is} 27... Ne5 $14 28. Rxd5 Nc6) 28. c3 $1 $18 Bxa3 29. Ra2 ({Weaker is} 29. Rxd5 Nf6 $11) 29... Bxb4 30. Rxa6 Bxc3 31. Rxa7 {[%mdl 4096] Endgame KRN-KBN} Nf6 32. Kg2 Be5 (32... Ne4 $16 33. Rd7 Be1) 33. Nc5 Kf8 34. Nd3 Bd6 35. Kf3 Ke8 36. Nf4 d4 37. Ra4 Bxf4 $2 (37... Be5 {is a better defense.} 38. Nd3 Bc7 39. Rxd4 Ke7) 38. Kxf4 {KR-KN} Nd5+ 39. Ke5 Nc3 (39... Nc7 $142 40. Rxd4 Ne6) 40. Rxd4 Ke7 41. Rb4 f6+ 42. Kd4 Ne2+ 43. Kd3 Ng1 44. Ke3 g5 45. Rb7+ Ke6 46. hxg5 fxg5 47. Rh7 Kf5 48. Rxh5 Kg4 49. Rh8 Nf3 50. Re8 Nh2 51. Re4+ (51. Rf8 $142 Nf1+ 52. Ke2 Nh2 53. Rf7 Kh3 54. Rh7+ Kg4 55. Rxh2 Kf5 56. Kf3) 51... Kf5 52. f3 {White mates.} g4 53. Rf4+ Kg5 54. fxg4 Nxg4+ 55. Kf3 Ne5+ 56. Ke4 Ng4 57. Rf8 Nf6+ 58. Kf3 Nd7 59. Ra8 Ne5+ 60. Kg2 Ng4 61. Ra5+ {Cut Off at move 61} Kg6 62. Kh3 Nf2+ 63. Kh4 Ne4 64. g4 Nd2 65. Ra6+ Kg7 66. Kh5 Ne4 67. g5 Ng3+ 68. Kg4 Ne4 69. Ra4 Nc5 70. Ra5 Ne4 71. Re5 Nf2+ 72. Kf5 Nd3 73. Re7+ Kf8 74. Rc7 Nb4 75. Kg6 Nd5 76. Rc8+ Ke7 77. Ra8 Nf4+ 78. Kh7 Kf7 79. Ra7+ {Weighted Error Value: White=0.10/Black=0.47} 1-0

[Event "EWCCC Online Final 2020"]
[Site "Online"]
[Date "2020.12.21"]
[Round "2.1"]
[White "Antolak, Julia"]
[Black "Kosteniuk, Alexandra"]
[Result "1-0"]
[WhiteElo "2307"]
[BlackElo "2471"]
[Annotator "ChessBase"]
[PlyCount "97"]
[EventDate "2020.12.19"]
[EventType "team-tourn"]
[EventCountry "NET"]
[SourceTitle "playchess.com"]
[Source "ChessBase"]
[SourceQuality "1"]
[TimeControl "900+5"]

1. e4 {[%emt 0:00:02]} c6 {[%emt 0:00:02]} 2. d4 {[%emt 0:00:06]} d5 {[%emt 0:00:02]} 3. Nc3 {[%emt 0:00:02]} dxe4 {[%emt 0:00:01]} 4. Nxe4 {[%emt 0:00:01]} Nf6 {[%emt 0:00:01]} 5. Nxf6+ {[%emt 0:00:02]} exf6 {[%emt 0:00:02]} 6. c3 {[%emt 0:00:01]} Bd6 {[%emt 0:00:01]} 7. Bd3 {[%emt 0:00:02]} O-O {[%emt 0:00:09]} 8. Qc2 {[%emt 0:00:01]} Re8+ {[%emt 0:00:05]} 9. Ne2 {[%emt 0:00:02]} h5 {[%emt 0:00:04]} 10. O-O {[%emt 0:00:16]} h4 {[%emt 0:00:02]} 11. Nf4 {[%emt 0:00:14]} Qc7 {[%emt 0:00:20]} 12. g3 {[%emt 0:00:05]} Nd7 {[%emt 0:00:22]} 13. Qd1 {[%emt 0:00:03]} Nf8 {[%emt 0:00:49]} 14. Qh5 {[%emt 0:00:02]} Qd7 {[%emt 0:01:33]} 15. Bd2 {[%emt 0:01:12]} Qg4 {[%emt 0:01:12]} 16. Qxg4 {[%emt 0:00:08]} Bxg4 {[%emt 0:00:02]} 17. Rfe1 {[%emt 0:00:02]} g6 {[%emt 0:02:29]} 18. Ng2 {[%emt 0:01:12]} hxg3 {[%emt 0:00:07]} 19. hxg3 {[%emt 0:00:02]} Kg7 {[%emt 0:00:10]} 20. Ne3 {[%emt 0:00:26]} Bf3 {[%emt 0:00:08]} 21. Be2 {[%emt 0:00:10]} Be4 {[%emt 0:01:16]} 22. f3 {[%emt 0:00:41]} Bxg3 {[%emt 0:00:09]} 23. fxe4 {[%emt 0:00:05]} Bxe1 {[%emt 0:00:01]} 24. Rxe1 {[%emt 0:00:06]} Rxe4 {[%emt 0:00:01]} 25. Bf3 {[%emt 0:00:42]} Ree8 {[%emt 0:00:07]} 26. c4 {[%emt 0:00:22]} Ne6 {[%emt 0:00:25]} 27. d5 {[%emt 0:02:23]} Ng5 {[%emt 0:00:03]} 28. Bg2 {[%emt 0:00:17]} Ne4 {[%emt 0:00:02]} 29. Bxe4 {[%emt 0:01:22]} Rxe4 {[%emt 0:00:03]} 30. Kf2 {[%emt 0:00:09]} f5 {[%emt 0:01:48]} 31. d6 {[%emt 0:00:53]} f6 {[%emt 0:00:20]} 32. c5 {[%emt 0:01:39]} b6 {[%emt 0:02:26]} 33. b4 {[%emt 0:00:26]} Rh8 {[%emt 0:00:17]} 34. Ng2 {[%emt 0:00:28]} Rxe1 {[%emt 0:00:22]} 35. Bxe1 {[%emt 0:00:02]} b5 {[%emt 0:00:03]} 36. Bc3 {[%emt 0:00:59]} Kf7 {[%emt 0:00:02]} 37. Nf4 {[%emt 0:00:39]} g5 {[%emt 0:01:16]} 38. Ne2 {[%emt 0:00:04]} f4 {[%emt 0:00:35]} 39. Nd4 {[%emt 0:00:11]} g4 {[%emt 0:00:01]} 40. Nxc6 {[%emt 0:00:06]} Ke6 {[%emt 0:00:10]} 41. Bxf6 {[%emt 0:01:37]} Rh2+ {[%emt 0:00:33]} 42. Kg1 {[%emt 0:00:02]} Rd2 {[%emt 0:00:01]} 43. Be5 {[%emt 0:00:58]} f3 {[%emt 0:00:21]} 44. Bf4 {[%emt 0:00:01]} Rg2+ {[%emt 0:00:30]} 45. Kf1 {[%emt 0:00:01]} g3 {[%emt 0:00:04]} 46. Nd4+ {[%emt 0:00:05]} Kf7 {[%emt 0:00:03]} 47. Bxg3 {[%emt 0:00:13]} Rxg3 {[%emt 0:00:03]} 48. c6 {[%emt 0:00:05]} Rg2 {[%emt 0:00:02]} 49. c7 {[%emt 0:00:06]} 1-0

[Event "EWCCC Online Final 2020"]
[Site "Online"]
[Date "2020.12.21"]
[Round "2.1"]
[White "Afraoui, Anaelle"]
[Black "Kulon, Klaudia"]
[Result "0-1"]
[WhiteElo "2106"]
[BlackElo "2347"]
[Annotator "NA"]
[PlyCount "64"]
[EventDate "2020.12.19"]
[EventType "team-tourn"]
[EventCountry "NET"]
[SourceTitle "playchess.com"]
[Source "ChessBase"]
[SourceQuality "1"]
[TimeControl "900+5"]

1. e4 {[%emt 0:00:00]} e5 {[%emt 0:00:03]} 2. Nf3 {[%emt 0:00:02]} Nc6 {[%emt 0:00:02]} 3. Bb5 {[%emt 0:00:02]} a6 {[%emt 0:00:01]} 4. Ba4 {[%emt 0:00:02]} d6 {[%emt 0:00:01]} 5. d4 {[%emt 0:00:02]} b5 {[%emt 0:00:12]} 6. Bb3 {[%emt 0:00:02]} exd4 {[%emt 0:00:01]} 7. c3 {[%emt 0:00:42]} d3 {[%emt 0:00:55]} 8. Qxd3 {[%emt 0:00:13]} Be6 {[%emt 0:00:05]} 9. Bxe6 {[%emt 0:01:04]} fxe6 {[%emt 0:00:03]} 10. O-O {[%emt 0:00:43]} Be7 {[%emt 0:01:21]} 11. a4 {[%emt 0:00:49]} Rb8 {[%emt 0:02:48]} 12. axb5 {[%emt 0:01:20]} axb5 {[%emt 0:00:02]} 13. Ra6 {[%emt 0:01:05]} Qd7 {[%emt 0:00:09]} 14. Na3 {[%emt 0:00:51]} b4 {[%emt 0:00:05]} 15. Nc2 {[%emt 0:00:42]} bxc3 {[%emt 0:00:24]} 16. Qxc3 {[%emt 0:00:14]} Nd8 {[%emt 0:00:34]} 17. Qxg7 {[%emt 0:00:38]} Bf6 {[%emt 0:00:06]} 18. Qxd7+ {[%emt 0:00:03]} Kxd7 {[%emt 0:00:01]} 19. e5 {[%emt 0:00:29]} dxe5 {[%emt 0:00:25]} 20. Rd1+ {[%emt 0:00:02]} Kc8 {[%emt 0:00:15]} 21. Re1 {[%emt 0:00:13]} Ne7 {[%emt 0:00:57]} 22. Nxe5 {[%emt 0:00:17]} Ng6 {[%emt 0:00:16]} 23. Nxg6 {[%emt 0:01:41]} hxg6 {[%emt 0:00:03]} 24. Ra2 {[%emt 0:00:24]} Rh5 {[%emt 0:00:16]} 25. Ne3 {[%emt 0:00:31]} Rhb5 {[%emt 0:00:12]} 26. Nc4 {[%emt 0:00:32]} Rc5 {[%emt 0:00:26]} 27. Ne3 {[%emt 0:00:12]} Nc6 {[%emt 0:00:40]} 28. Ra4 {[%emt 0:01:24]} Nd4 {[%emt 0:00:13]} 29. Rc4 {[%emt 0:00:37]} Rbb5 {[%emt 0:01:43]} 30. Kf1 {[%emt 0:00:53]} Nb3 {[%emt 0:00:11]} 31. Rd1 {[%emt 0:00:45]} Rxc4 {[%emt 0:00:20]} 32. Nxc4 {[%emt 0:00:03]} Rc5 {[%emt 0:00:02]} 0-1

[Event "EWCCC Online Final 2020"]
[Site "Online"]
[Date "2020.12.21"]
[Round "2.2"]
[White "Mammadzada, Gunay"]
[Black "Javakhishvili, Lela"]
[Result "1/2-1/2"]
[WhiteElo "2443"]
[BlackElo "2473"]
[Annotator "ChessBase"]
[PlyCount "92"]
[EventDate "2020.12.19"]
[EventType "team-tourn"]
[EventCountry "NET"]
[SourceTitle "playchess.com"]
[Source "ChessBase"]
[SourceQuality "1"]
[TimeControl "900+5"]

1. e4 {[%emt 0:00:00]} c5 {[%emt 0:00:04]} 2. Nf3 {[%emt 0:00:02]} e6 {[%emt 0:00:02]} 3. d4 {[%emt 0:00:02]} cxd4 {[%emt 0:00:01]} 4. Nxd4 {[%emt 0:00:02]} Nc6 {[%emt 0:00:03]} 5. Nc3 {[%emt 0:00:02]} Nf6 {[%emt 0:00:07]} 6. Ndb5 {[%emt 0:00:17]} Bb4 {[%emt 0:00:04]} 7. a3 {[%emt 0:00:05]} Bxc3+ {[%emt 0:00:02]} 8. Nxc3 {[%emt 0:00:02]} d5 {[%emt 0:00:02]} 9. exd5 {[%emt 0:00:01]} exd5 {[%emt 0:00:01]} 10. Bd3 {[%emt 0:00:03]} O-O {[%emt 0:00:02]} 11. O-O {[%emt 0:00:02]} d4 {[%emt 0:00:02]} 12. Ne2 {[%emt 0:00:02]} Bg4 {[%emt 0:00:01]} 13. Bg5 {[%emt 0:00:04]} h6 {[%emt 0:00:02]} 14. Bh4 {[%emt 0:00:06]} Bxe2 {[%emt 0:00:02]} 15. Bxe2 {[%emt 0:01:08]} Re8 {[%emt 0:00:03]} 16. Qd3 {[%emt 0:00:43]} Ne5 {[%emt 0:00:27]} 17. Qb3 {[%emt 0:02:10]} Ng6 {[%emt 0:01:10]} 18. Bxf6 {[%emt 0:00:16]} Qxf6 {[%emt 0:00:02]} 19. Qxb7 {[%emt 0:01:58]} Rab8 {[%emt 0:01:00]} 20. Qxa7 {[%emt 0:00:24]} Rxb2 {[%emt 0:00:34]} 21. Bd3 {[%emt 0:00:24]} Nf4 {[%emt 0:00:48]} 22. Qd7 {[%emt 0:00:04]} Rd8 {[%emt 0:02:17]} 23. Qf5 {[%emt 0:03:11]} Nxd3 {[%emt 0:02:18]} 24. Qxf6 {[%emt 0:01:20]} gxf6 {[%emt 0:00:03]} 25. cxd3 {[%emt 0:00:01]} Rb3 {[%emt 0:00:15]} 26. Rfd1 {[%emt 0:01:03]} Rc8 {[%emt 0:00:43]} 27. a4 {[%emt 0:00:27]} Rcc3 {[%emt 0:01:22]} 28. Kf1 {[%emt 0:01:07]} Rc2 {[%emt 0:00:50]} 29. Kg1 {[%emt 0:00:02]} Rbb2 {[%emt 0:00:06]} 30. Rf1 {[%emt 0:00:02]} Ra2 {[%emt 0:00:10]} 31. g4 {[%emt 0:00:40]} Kg7 {[%emt 0:00:26]} 32. Kg2 {[%emt 0:01:01]} Rxf2+ {[%emt 0:00:09]} 33. Rxf2 {[%emt 0:00:01]} Rxa1 {[%emt 0:00:02]} 34. Kf3 {[%emt 0:00:02]} Rxa4 {[%emt 0:00:02]} 35. Ke4 {[%emt 0:00:01]} Kg6 {[%emt 0:00:26]} 36. h3 {[%emt 0:00:09]} Rb4 {[%emt 0:00:22]} 37. Rf5 {[%emt 0:00:02]} Ra4 {[%emt 0:00:52]} 38. Rd5 {[%emt 0:00:02]} Ra1 {[%emt 0:00:47]} 39. Kxd4 {[%emt 0:00:06]} Ra4+ {[%emt 0:00:21]} 40. Kc5 {[%emt 0:00:22]} Ra3 {[%emt 0:00:11]} 41. Kb4 {[%emt 0:00:05]} Ra1 {[%emt 0:00:05]} 42. Kc3 {[%emt 0:00:22]} Rh1 {[%emt 0:00:03]} 43. Rh5 {[%emt 0:00:01]} f5 {[%emt 0:00:05]} 44. Rxf5 {[%emt 0:00:06]} Rxh3 {[%emt 0:00:01]} 45. Rf4 {[%emt 0:00:06]} Kg5 {[%emt 0:00:29]} 46. Rxf7 {[%emt 0:00:03]} Kxg4 {[%emt 0:00:03]} 1/2-1/2